000 00850nam a2200253Ia 4500
003 OSt
005 20220926021051.0
006 a|||||r|||| 00| 0
007 ta
008 220923b |||||||| |||| 00| 0 eng d
037 _cGeneral Book
040 _aRTL
_cRTL
_beng
041 _2eng
_aeng
082 _aL9C:5191, J4.1-J4.2
110 _aUnited Nations, Government Of .... Social affairs (Deptt Of-)
_9325720
245 0 _aFotal, infant and early childhood mortality
260 _aNew York
_bThe Author U S A
_c1954
490 _vV1
_aUnited Natios,Population Studies, 13
500 _aIts, Reports On Fertility And Mortality
650 _aMedicine
_94387
700 _aUnited Nations, Government Of .... Social affairs (Deptt Of-)
_9325721
942 _hL9C:5191, J4.1-J4.2
_cGB
_2CC
999 _c635674
_d635674